Обработка запросов в базе данных мобильных объектов; Известия Томского политехнического университета [Известия ТПУ]; Т. 314, № 5: Управление, вычислительная техника и информатика
| Parent link: | Известия Томского политехнического университета [Известия ТПУ]/ Томский политехнический университет (ТПУ).— , 2000- Т. 314, № 5: Управление, вычислительная техника и информатика.— 2009.— [С. 166-170] |
|---|---|
| Hovedforfatter: | |
| Andre forfattere: | |
| Summary: | Заглавие с титульного листа Электронная версия печатной публикации Предложен новый способ индексации отрезков траекторий мобильных объектов назван ТР-деревом. Такой способ позволяет сохранить память и уменьшить время обработки запроса путем сохранения траекторий отрезков в базе данных единожды c использованием алгоритмов Р+дерева в отличие от Р-дерева, где отрезки сохраняются и индексируются много раз (каждый раз при движении мобильного объекта на том же отрезке). Приведены результаты экспериментальных исследований, подтвердившие, что работа ТР-дерева лучше, чем традиционных алгоритмов Р-дерева. |
| Sprog: | russisk |
| Udgivet: |
2009
|
| Serier: | Управление, вычислительная техника и информатика |
| Fag: | |
| Online adgang: | http://www.lib.tpu.ru/fulltext/v/Bulletin_TPU/2009/v314/i5/35.pdf |
| Format: | MixedMaterials Electronisk Book Chapter |
| KOHA link: | https://koha.lib.tpu.ru/cgi-bin/koha/opac-detail.pl?biblionumber=175725 |
MARC
| LEADER | 00000nla2a2200000 4500 | ||
|---|---|---|---|
| 001 | 175725 | ||
| 005 | 20231031165137.0 | ||
| 035 | |a (RuTPU)RU\TPU\book\190519 | ||
| 035 | |a RU\TPU\book\190517 | ||
| 090 | |a 175725 | ||
| 100 | |a 20100216d2009 k y0rusy50 ca | ||
| 101 | 0 | |a rus | |
| 102 | |a RU | ||
| 135 | |a drnn ---uucaa | ||
| 181 | 0 | |a i | |
| 182 | 0 | |a b | |
| 200 | 1 | |a Обработка запросов в базе данных мобильных объектов |b Электронный ресурс |f Д. Д. Альшаер, В. В. Губарев | |
| 203 | |a Текст |c электронный | ||
| 215 | |a 1 файл (191 Кб) | ||
| 225 | 1 | |a Управление, вычислительная техника и информатика | |
| 230 | |a Электронные текстовые данные (1 файл : 191 Кб) | ||
| 300 | |a Заглавие с титульного листа | ||
| 300 | |a Электронная версия печатной публикации | ||
| 320 | |a [Библиогр.: с. 170 (9 назв.)] | ||
| 330 | |a Предложен новый способ индексации отрезков траекторий мобильных объектов назван ТР-деревом. Такой способ позволяет сохранить память и уменьшить время обработки запроса путем сохранения траекторий отрезков в базе данных единожды c использованием алгоритмов Р+дерева в отличие от Р-дерева, где отрезки сохраняются и индексируются много раз (каждый раз при движении мобильного объекта на том же отрезке). Приведены результаты экспериментальных исследований, подтвердившие, что работа ТР-дерева лучше, чем традиционных алгоритмов Р-дерева. | ||
| 337 | |a Adobe Reader | ||
| 461 | 1 | |0 (RuTPU)RU\TPU\book\176237 |t Известия Томского политехнического университета [Известия ТПУ] |f Томский политехнический университет (ТПУ) |d 2000- | |
| 463 | 1 | |0 (RuTPU)RU\TPU\book\190282 |x 1684-8519 |t Т. 314, № 5: Управление, вычислительная техника и информатика |v [С. 166-170] |d 2009 |p 263 с. | |
| 610 | 1 | |a базы данных | |
| 610 | 1 | |a данные | |
| 610 | 1 | |a мобильные объекты | |
| 610 | 1 | |a пространственно-временные запросы | |
| 610 | 1 | |a электронный ресурс | |
| 700 | 1 | |a Альшаер |b Д. Д. | |
| 701 | 1 | |a Губарев |b В. В. | |
| 801 | 1 | |a RU |b 63413507 |c 20090623 |g PSBO | |
| 801 | 2 | |a RU |b 63413507 |c 20211214 |g PSBO | |
| 856 | 4 | |u http://www.lib.tpu.ru/fulltext/v/Bulletin_TPU/2009/v314/i5/35.pdf | |
| 942 | |c CF | ||